Belanda (Record no. 135131)

MARC details
000 -LEADER
fixed length control field 00933nam a2200277 i 4500
001 - CONTROL NUMBER
control field C2-0337477
003 - CONTROL NUMBER IDENTIFIER
control field PPAK
005 - DATE AND TIME OF LATEST TRANSACTION
control field 20180728140223.0
008 - FIXED-LENGTH DATA ELEMENTS--GENERAL INFORMATION
fixed length control field 160824s2016 my a|||| ||||| | may d
020 ## - INTERNATIONAL STANDARD BOOK NUMBER
International Standard Book Number 9789670594958
040 ## - CATALOGING SOURCE
Original cataloging agency PPAK
Language of cataloging eng
Transcribing agency PPAK
Description conventions rda
082 04 - DEWEY DECIMAL CLASSIFICATION NUMBER
Classification number 330.91722
Edition number 23
090 00 - LOCALLY ASSIGNED LC-TYPE CALL NUMBER (OCLC); LOCAL CALL NUMBER (RLIN)
Classification number (OCLC) (R) ; Classification number, CALL (RLIN) (NR) 330.91722
Feature heading BEL
Feature heading K
245 00 - TITLE STATEMENT
Title Belanda
264 #1 - PRODUCTION, PUBLICATION, DISTRIBUTION, MANUFACTURE, AND COPYRIGHT NOTICE
Place of production, publication, distribution, manufacture Kuala Lumpur :
Name of producer, publisher, distributor, manufacturer Semarak Murni Enterprise ,
Date of production, publication, distribution, manufacture, or copyright notice 2016
300 ## - PHYSICAL DESCRIPTION
Extent 48 pages :
Other physical details colour photographs ;
Dimensions 29 cm
336 ## - CONTENT TYPE
Source rdacontent
Content type term text
337 ## - MEDIA TYPE
Source rdamedia
Media type term unmediated
338 ## - CARRIER TYPE
Source rdacarrier
Carrier type term volume
490 1# - SERIES STATEMENT
Series statement Menjejaki enam negara termaju di dunia
500 ## - GENERAL NOTE
General note Includes glossary ; Includes excercises
650 10 - SUBJECT ADDED ENTRY--TOPICAL TERM
Topical term or geographic name entry element Developed countries - Economic conditions. ; Netherlands - Economic conditions. ; Netherlands - Economic policy.
700 0# - ADDED ENTRY--PERSONAL NAME
Personal name Nurul Ain Amirnur Rashid,
Relator term compile
830 #0 - SERIES ADDED ENTRY--UNIFORM TITLE
Uniform title Menjejaki enam negara termaju di dunia
942 ## - ADDED ENTRY ELEMENTS (KOHA)
-- dc
Koha item type Book
Holdings
Withdrawn Not for loan Current library Shelving location Date acquired Total Checkouts Full call number Barcode Date last seen Date last checked out Koha item type
    Perpustakaan Alor Setar Pinjaman Kanak-kanak 24/08/2016   K 330.91722 BEL A01482357 09/05/2018   Book
    Perpustakaan Awam Sungai Petani Pinjaman Kanak-kanak 25/09/2016 1 K 330.91722 BEL A01478928 26/12/2018 12/12/2018 Book
    Perpustakaan Jitra Pinjaman Kanak-kanak 25/09/2016   K 330.91722 BEL A01478929 09/05/2018   Book
    Perpustakaan Kulim Pinjaman Kanak-kanak 25/09/2016   K 330.91722 BEL A01478930 09/05/2018   Book
    Perpustakaan Langkawi Pinjaman Kanak-kanak 25/09/2016   K 330.91722 BEL A01478931 09/05/2018   Book
    PD13, KEDA Lahar Tunjung, Pendang Pinjaman Kanak-kanak 25/09/2016   K 330.91722 BEL A01478932 09/05/2018   Book
    PD25, KEDA Batu 13, Pokok Sena Pinjaman Kanak-kanak 25/09/2016   K 330.91722 BEL A01478934 09/05/2018   Book
    PD28, Kg. Paya Kerchut, Pendang Pinjaman Kanak-kanak 25/09/2016   K 330.91722 BEL A01478933 09/05/2018   Book